[Event "V Festival A"]
[Site "Erba ITA"]
[Date "2011.03.20"]
[Round "4"]
[White "Marholev, Dimitar"]
[Black "Locatelli, Andrea"]
[Result "1-0"]
[WhiteElo "2384"]
[BlackElo "2123"]
[PlyCount "101"]
[EventDate "2011.03.18"]

1. Nf3 Nf6 2. c4 e6 3. g3 b6 4. Bg2 Bb7 5. O-O c5 6. Nc3 Be7 7. Re1 d6 8. e4
Nbd7 9. d4 cxd4 10. Nxd4 Qc8 11. b3 a6 12. Bb2 O-O 13. Rc1 Ne5 14. f4 Nc6 15.
Nd5 Bd8 16. Nxc6 Bxc6 17. Nxf6+ Bxf6 18. Bxf6 gxf6 19. Qxd6 Rd8 20. Qe7 Rd2 21.
Qxf6 Qd8 22. Qxd8+ Raxd8 23. a4 R8d3 24. Rb1 f5 25. b4 Bxe4 26. Bxe4 fxe4 27.
Rxe4 Rc3 28. Rxe6 Rcc2 29. Rh6 Kg7 30. Rh4 Rxc4 31. a5 b5 32. Rh5 Kg6 33. Rc5
Re4 34. Rg5+ Kf6 35. Rh5 Kg6 36. Rh4 Kf6 37. Rxh7 Kg6 38. Rh4 Ree2 39. Rf1 Rg2+
40. Kh1 Rge2 41. f5+ Kf6 42. Rh6+ Kg5 43. Rh8 Kf6 44. g4 Kg5 45. Rg1 Rf2 46.
Rh5+ Kf6 47. g5+ Kg7 48. f6+ Kg6 49. Rh6+ Kf7 50. g6+ Kg8 51. f7+ 1-0

[Event "V Festival A"]
[Site "Erba ITA"]
[Date "2011.03.20"]
[Round "4"]
[White "Pace, Pietro Dario"]
[Black "Salvador, Roland"]
[Result "0-1"]
[WhiteElo "2300"]
[BlackElo "2532"]
[PlyCount "70"]
[EventDate "2011.03.18"]

1. e4 c6 2. d3 d5 3. Nd2 e5 4. Ngf3 f6 5. d4 Nd7 6. Be2 Bd6 7. O-O Bb8 8. c4
dxe4 9. Nxe4 f5 10. Ng3 e4 11. Ng5 Ndf6 12. f3 h6 13. N5xe4 fxe4 14. fxe4 Bxg3
15. hxg3 h5 16. Bg5 Qb6 17. e5 Ng4 18. Qd3 Ne7 19. Bxe7 Kxe7 20. c5 Qd8 21. Qg6
Qg8 22. Bc4 Qxc4 23. Qxg7+ Kd8 24. Rf8+ Rxf8 25. Qxf8+ Kd7 26. Qd6+ Ke8 27. Rf1
Bf5 28. Rxf5 Qg8 29. e6 Rd8 30. Qc7 Qxe6 31. Rf1 Qd7 32. Re1+ Kf7 33. Qf4+ Nf6
34. Rd1 Qg4 35. Qd2 Kg7 0-1

[Event "V Festival A"]
[Site "Erba ITA"]
[Date "2011.03.20"]
[Round "4"]
[White "Pace, Roberto"]
[Black "Gagliardi, Christian"]
[Result "0-1"]
[WhiteElo "1981"]
[BlackElo "2212"]
[PlyCount "76"]
[EventDate "2011.03.18"]

1. e4 c5 2. Nf3 Nc6 3. d4 cxd4 4. Nxd4 e6 5. Nxc6 bxc6 6. Bd3 d5 7. Qe2 Nf6 8.
Nd2 Be7 9. b3 Qa5 10. O-O Bb4 11. a3 Bc3 12. Ra2 O-O 13. e5 Nd7 14. Nf3 f6 15.
exf6 Nxf6 16. Bf4 Qc5 17. Be5 Bxe5 18. Nxe5 a5 19. Raa1 Qd6 20. Rfe1 g6 21. Qe3
c5 22. Qg5 Ra7 23. Rad1 Rg7 24. a4 Qc7 25. Re3 d4 26. Re2 Nd5 27. g3 Nc3 28.
Rde1 Nxe2+ 29. Rxe2 Bb7 30. f4 Bd5 31. Ng4 Qe7 32. Nh6+ Kh8 33. Qe5 Qc7 34. Qg5
c4 35. bxc4 Bxc4 36. Ng4 Bxd3 37. cxd3 Rf5 38. Rxe6 Rxg5 0-1

[Event "V Festival A"]
[Site "Erba ITA"]
[Date "2011.03.20"]
[Round "4"]
[White "Petkov, Vladimir"]
[Black "Bellia, Fabrizio"]
[Result "1-0"]
[WhiteElo "2493"]
[BlackElo "2421"]
[PlyCount "177"]
[EventDate "2011.03.18"]

1. Nf3 d5 2. c4 e6 3. g3 Nf6 4. Bg2 d4 5. O-O Nc6 6. e3 e5 7. exd4 exd4 8. Re1+
Be7 9. d3 O-O 10. Na3 Bg4 11. h3 Bh5 12. Bf4 Nd7 13. Nc2 Nc5 14. b4 Ne6 15. Bd2
a5 16. a3 Bf6 17. bxa5 Nxa5 18. Rb1 c6 19. Bb4 Re8 20. Qd2 Bxf3 21. Bxf3 Bg5
22. Qd1 Qd7 23. Bg4 b6 24. Qf3 Nb7 25. h4 Bh6 26. Re2 c5 27. Be1 Qc7 28. Bf5
Nf8 29. Be4 Rab8 30. a4 Nd6 31. Bd5 Rxe2 32. Qxe2 Re8 33. Qd1 Nd7 34. Na3 g6
35. Nb5 Nxb5 36. Rxb5 Nf6 37. Bf3 Qe5 38. Rb1 Re7 39. Kg2 Kg7 40. a5 bxa5 41.
Bxa5 Ra7 42. Rb5 Nd7 43. Qe2 Qxe2 44. Bxe2 Kf6 45. g4 Bf8 46. g5+ Ke7 47. f4 h6
48. Bg4 hxg5 49. hxg5 Kd6 50. Bf3 Be7 51. Be4 Bf8 52. Kf3 Be7 53. Be1 Kc7 54.
Bg3 Bd6 55. Rb1 Kd8 56. Rh1 Ra3 57. Rh8+ Ke7 58. Ra8 Nb6 59. Rh8 Nxc4 60. Bc6
Bc7 61. Re8+ Kd6 62. Bb5 Rxd3+ 63. Kf2 Rxg3 64. Kxg3 Nb2 65. Re2 Nd1 66. Bc4
Ba5 67. Bxf7 d3 68. Re6+ Kd7 69. Ra6 Bb4 70. Bxg6 d2 71. Bc2 Nc3 72. Ba4+ Ke7
73. Kf3 d1=Q+ 74. Bxd1 Nxd1 75. f5 Bc3 76. Ra7+ Kf8 77. f6 Bd4 78. Ke4 Ne3 79.
g6 Bxf6 80. Rf7+ Kg8 81. Rxf6 Ng2 82. Kf5 Ne3+ 83. Kg5 c4 84. Rc6 Kg7 85. Rc7+
Kg8 86. Rc6 Kg7 87. Rc8 Nd5 88. Rxc4 Ne3 89. Rd4 1-0

[Event "V Festival A"]
[Site "Erba ITA"]
[Date "2011.03.20"]
[Round "4"]
[White "Radice, Luca"]
[Black "Di Lascio, Savino"]
[Result "1-0"]
[WhiteElo "1997"]
[BlackElo "1974"]
[PlyCount "107"]
[EventDate "2011.03.18"]

1. d4 Nf6 2. c4 c5 3. d5 b5 4. Qc2 d6 5. e4 bxc4 6. Bxc4 g6 7. Nc3 Bg7 8. h3
O-O 9. Nf3 Nbd7 10. O-O Bb7 11. Rd1 Nb6 12. Be2 Nfd7 13. Be3 Rb8 14. Rab1 Qc8
15. b3 Ba6 16. Bxa6 Qxa6 17. Rd2 Rfc8 18. g3 Qa5 19. Ne2 Qa6 20. Rdd1 Bd4 21.
Bh6 Bf6 22. Bg5 c4 23. b4 Bxg5 24. Nxg5 Ne5 25. Nd4 Qa3 26. Kg2 h6 27. Ngf3
Nxf3 28. Nxf3 Na4 29. Qc1 Qc3 30. Qxh6 Qg7 31. Qxg7+ Kxg7 32. Rdc1 c3 33. Nd4
Rc4 34. Nc6 Ra8 35. Kf3 e6 36. Na5 Rc7 37. dxe6 fxe6 38. Rc2 Rf8+ 39. Ke3 Nb6
40. Rbc1 Na4 41. f4 Rb8 42. a3 Kf6 43. h4 d5 44. e5+ Kg7 45. Nb3 Rc4 46. Nd4
Kf7 47. Rh1 Rcc8 48. h5 Nb6 49. hxg6+ Kxg6 50. Nxe6 Nc4+ 51. Kf3 Nxa3 52. Rch2
Rg8 53. Rh6+ Kf5 54. Rf6# 1-0

[Event "V Festival A"]
[Site "Erba ITA"]
[Date "2011.03.20"]
[Round "4"]
[White "Rambaldi, Francesco"]
[Black "Laketic, Gojko"]
[Result "1/2-1/2"]
[WhiteElo "2172"]
[BlackElo "2452"]
[PlyCount "52"]
[EventDate "2011.03.18"]

1. e4 d6 2. d4 Nf6 3. Nc3 e5 4. dxe5 dxe5 5. Qxd8+ Kxd8 6. Nf3 Bd6 7. Bc4 Be6
8. Bxe6 fxe6 9. Be3 Nbd7 10. O-O-O Ke7 11. h3 a6 12. Nd2 b5 13. Rhf1 Rhb8 14.
Ne2 a5 15. f4 exf4 16. Bxf4 Bxf4 17. Nxf4 Ne5 18. Nd3 Nfd7 19. Nxe5 Nxe5 20.
Nf3 Nf7 21. Rd3 Rd8 22. Rfd1 Rxd3 23. Rxd3 c5 24. c4 b4 25. e5 Ra6 26. a4 Ra7
1/2-1/2

[Event "V Festival A"]
[Site "Erba ITA"]
[Date "2011.03.20"]
[Round "4"]
[White "Ranfagni, Stefano"]
[Black "Sgnaolin, Davide"]
[Result "0-1"]
[WhiteElo "1965"]
[BlackElo "2284"]
[PlyCount "52"]
[EventDate "2011.03.18"]

1. e4 c5 2. Nc3 Nc6 3. g3 g6 4. Bg2 Bg7 5. d3 d6 6. Be3 e6 7. Nge2 Nd4 8. Qd2
Ne7 9. O-O O-O 10. Nd1 Rb8 11. c3 Nxe2+ 12. Qxe2 b5 13. f4 b4 14. cxb4 Rxb4 15.
e5 Ba6 16. a3 Rb3 17. Nc3 Nf5 18. Bf2 dxe5 19. Bxc5 Bxd3 20. Qd1 Rxb2 21. Bxf8
Qd4+ 22. Kh1 Bxf1 23. Bxf1 Qf2 24. Ne2 Bxf8 25. Qe1 Qf3+ 26. Bg2 Qxe2 0-1

[Event "V Festival A"]
[Site "Erba ITA"]
[Date "2011.03.20"]
[Round "4"]
[White "Seyfried, Claus"]
[Black "Rota, Simone"]
[Result "1-0"]
[WhiteElo "2159"]
[BlackElo "2020"]
[PlyCount "63"]
[EventDate "2011.03.18"]

1. e4 c5 2. c3 Nf6 3. e5 Nd5 4. d4 e6 5. Nf3 cxd4 6. cxd4 Nc6 7. Bc4 Nb6 8. Bb5
Be7 9. O-O O-O 10. Nc3 a6 11. Bd3 Nb4 12. Bb1 N6d5 13. a3 Nxc3 14. bxc3 Nc6 15.
Qd3 g6 16. Bh6 Re8 17. Re1 Bf8 18. Qe3 f5 19. exf6 Qxf6 20. Bg5 Qg7 21. Ne5 Ne7
22. Ng4 Nd5 23. Qg3 Be7 24. Bh6 Qf7 25. c4 Nf6 26. Ne5 Nh5 27. Qg4 Qf6 28. Nxg6
hxg6 29. Bxg6 Ng7 30. Re3 Rf8 31. Rf3 Qh4 32. Bh7+ 1-0

[Event "V Festival A"]
[Site "Erba ITA"]
[Date "2011.03.20"]
[Round "5"]
[White "Angelini, Marco"]
[Black "Pucovski, Miroslav"]
[Result "1-0"]
[WhiteElo "2177"]
[BlackElo "2304"]
[PlyCount "79"]
[EventDate "2011.03.18"]

1. e4 c5 2. Nf3 Nc6 3. d4 cxd4 4. Nxd4 e5 5. Nb5 d6 6. N1c3 a6 7. Na3 b5 8. Nd5
Nce7 9. Bg5 h6 10. Bh4 g5 11. Bg3 Nxd5 12. Qxd5 Be6 13. Qd2 Nf6 14. f3 Qc7 15.
Bd3 d5 16. O-O Nh5 17. exd5 Nxg3 18. hxg3 Qc5+ 19. Kh1 Qxd5 20. Qe2 Qc5 21. Nb1
Bg7 22. a4 Rb8 23. axb5 axb5 24. Nc3 b4 25. Ne4 Qc7 26. Ra6 O-O 27. g4 b3 28.
c3 Rfd8 29. Rd1 Kf8 30. Ng3 Ke7 31. Raa1 Rd7 32. Bf5 Rxd1+ 33. Rxd1 Bc4 34. Qe4
Rd8 35. Rxd8 Kxd8 36. Qa8+ Ke7 37. Qa3+ Qd6 38. Qa7+ Kf8 39. Qa8+ Ke7 40. Qb7+
1-0

[Event "V Festival A"]
[Site "Erba ITA"]
[Date "2011.03.20"]
[Round "5"]
[White "Bellia, Fabrizio"]
[Black "Marholev, Dimitar"]
[Result "1/2-1/2"]
[WhiteElo "2421"]
[BlackElo "2384"]
[PlyCount "92"]
[EventDate "2011.03.18"]

1. e4 e5 2. Nf3 Nc6 3. Bb5 a6 4. Ba4 Nf6 5. O-O Be7 6. Re1 b5 7. Bb3 d6 8. c3
O-O 9. h3 Na5 10. Bc2 c5 11. d4 Qc7 12. Nbd2 cxd4 13. cxd4 Bb7 14. d5 Bc8 15.
Nf1 Bd7 16. b3 Rfc8 17. Bd3 Nb7 18. Ng3 Nc5 19. Bf1 g6 20. Bg5 Qd8 21. Rc1 h5
22. Qd2 Nh7 23. Bxe7 Qxe7 24. b4 Na4 25. Bd3 Qf6 26. Nh2 h4 27. Ngf1 Ng5 28. f3
Kg7 29. Rxc8 Rxc8 30. Rc1 Rxc1 31. Qxc1 Qd8 32. Ng4 Bxg4 33. hxg4 h3 34. a3 Qf6
35. Be2 Qf4 36. Qe3 hxg2 37. Kxg2 Qxe3 38. Nxe3 Nc3 39. Bd3 Kf6 40. Nf1 Ke7 41.
Nd2 f5 42. gxf5 gxf5 43. Kg3 Kf6 44. exf5 Nxd5 45. Ne4+ Nxe4+ 46. fxe4 Nc3
1/2-1/2

[Event "V Festival A"]
[Site "Erba ITA"]
[Date "2011.03.20"]
[Round "5"]
[White "Cattaneo, Marco"]
[Black "Janeva, Mariya"]
[Result "1-0"]
[WhiteElo "1990"]
[BlackElo "2028"]
[PlyCount "82"]
[EventDate "2011.03.18"]

1. d4 Nf6 2. Nf3 e6 3. c4 Bb4+ 4. Bd2 Bxd2+ 5. Qxd2 b6 6. Nc3 Bb7 7. g3 d6 8.
Bg2 Nbd7 9. O-O O-O 10. Rfe1 Ne4 11. Nxe4 Bxe4 12. b4 Qe7 13. Rac1 a5 14. a3 h6
15. c5 dxc5 16. bxc5 b5 17. Qb2 c6 18. Nd2 Bxg2 19. Kxg2 Nf6 20. e4 Qd7 21. f4
Rfd8 22. Nf3 Qb7 23. Re3 Rdb8 24. Rb3 Qc7 25. Ne5 Nd7 26. Rd1 f6 27. Nf3 Rd8
28. Rbd3 Rab8 29. Qb3 Nf8 30. f5 Qf7 31. Nh4 exf5 32. Qxf7+ Kxf7 33. Nxf5 Ne6
34. Rc1 g6 35. Nd6+ Ke7 36. Kf2 Ng7 37. d5 Ne8 38. dxc6 Nc7 39. Rcd1 b4 40. Nb7
Rxd3 41. Rxd3 Ne6 1-0

[Event "V Festival A"]
[Site "Erba ITA"]
[Date "2011.03.20"]
[Round "5"]
[White "Damia, Angelo"]
[Black "Gagliardi, Christian"]
[Result "1/2-1/2"]
[WhiteElo "2334"]
[BlackElo "2212"]
[PlyCount "31"]
[EventDate "2011.03.18"]

1. d4 Nf6 2. Bg5 e6 3. e4 h6 4. Bxf6 Qxf6 5. Qd2 b6 6. Nc3 Bb7 7. e5 Qd8 8. f4
d6 9. Bb5+ Nd7 10. O-O-O a6 11. Ba4 b5 12. Bb3 dxe5 13. d5 Nc5 14. Qe2 Nxb3+
15. cxb3 Bd6 16. dxe6 1/2-1/2

[Event "V Festival A"]
[Site "Erba ITA"]
[Date "2011.03.20"]
[Round "5"]
[White "Di Lascio, Savino"]
[Black "Betori, Alessandro"]
[Result "0-1"]
[WhiteElo "1974"]
[BlackElo "2025"]
[PlyCount "58"]
[EventDate "2011.03.18"]

1. e4 d5 2. e5 c5 3. Nf3 Nc6 4. Bb5 Qb6 5. Bxc6+ Qxc6 6. O-O Bg4 7. h3 Bh5 8.
d3 e6 9. Bf4 h6 10. g4 Bg6 11. a4 Ne7 12. c4 Rd8 13. Nh4 Bh7 14. cxd5 Rxd5 15.
Bg3 g5 16. Ng2 Bxd3 17. Ne3 Rd8 18. Re1 Ba6 19. Qb3 b6 20. Nc3 c4 21. Qc2 Bb7
22. Kh2 h5 23. Nb5 hxg4 24. h4 gxh4 25. Bf4 Ng6 26. Bg5 Nxe5 27. Nxa7 Qf3 28.
Nb5 Qh3+ 29. Kg1 Qh1# 0-1

[Event "V Festival A"]
[Site "Erba ITA"]
[Date "2011.03.20"]
[Round "5"]
[White "Laketic, Gojko"]
[Black "Kosic, Dragan"]
[Result "0-1"]
[WhiteElo "2452"]
[BlackElo "2466"]
[PlyCount "76"]
[EventDate "2011.03.18"]

1. d4 e6 2. Nf3 Nf6 3. c4 Bb4+ 4. Nbd2 b6 5. e3 Bb7 6. Bd3 O-O 7. O-O d5 8. a3
Be7 9. b4 Nbd7 10. c5 c6 11. Bb2 a5 12. Qe2 Qc8 13. Bc3 bxc5 14. bxc5 a4 15.
Rfb1 Ba6 16. Rb4 Bxd3 17. Qxd3 Ne8 18. Nb1 Nc7 19. Qc2 Qa6 20. Bb2 Nb5 21. Nc3
Nxc3 22. Bxc3 Ra7 23. Rab1 Rfa8 24. Ne1 Bd8 25. Nd3 Qc8 26. h3 Bc7 27. Nb2 g6
28. Nxa4 Rb8 29. Nb6 Bxb6 30. cxb6 Rab7 31. R4b3 Rxb6 32. Rxb6 Nxb6 33. Bb4 Nc4
34. Qd3 Kg7 35. Rc1 Qd8 36. Rxc4 dxc4 37. Qxc4 Qd5 38. Qc3 f6 0-1

[Event "V Festival A"]
[Site "Erba ITA"]
[Date "2011.03.20"]
[Round "5"]
[White "Lapiccirella, Daniele"]
[Black "Radice, Luca"]
[Result "1-0"]
[WhiteElo "2255"]
[BlackElo "1997"]
[PlyCount "73"]
[EventDate "2011.03.18"]

1. d4 f5 2. Nf3 Nf6 3. c4 g6 4. Nc3 Bg7 5. e3 O-O 6. Be2 d6 7. O-O Qe8 8. b4 a5
9. b5 h6 10. Bb2 Nbd7 11. Rc1 e6 12. c5 d5 13. c6 bxc6 14. bxc6 Nb6 15. Ba3 Ba6
16. Bxa6 Rxa6 17. Bxf8 Qxf8 18. Ne5 g5 19. Na4 Nxa4 20. Qxa4 Ne4 21. Qb5 Ra8
22. Nd7 Qd8 23. Rc2 Nd6 24. Qa4 f4 25. Rc5 g4 26. exf4 Nf5 27. Rd1 h5 28. Rc2
h4 29. Re2 g3 30. Rxe6 gxf2+ 31. Kxf2 h3 32. g3 Rb8 33. Nxb8 Qxb8 34. Qb3 Qa7
35. Qxd5 Nxd4 36. Re4+ Ne6+ 37. Kf3 1-0

[Event "V Festival A"]
[Site "Erba ITA"]
[Date "2011.03.20"]
[Round "5"]
[White "Locatelli, Andrea"]
[Black "Seyfried, Claus"]
[Result "0-1"]
[WhiteElo "2123"]
[BlackElo "2159"]
[PlyCount "94"]
[EventDate "2011.03.18"]

1. e4 e5 2. Nf3 Nc6 3. Bb5 a6 4. Bxc6 dxc6 5. O-O f6 6. d4 Bg4 7. dxe5 Qxd1 8.
Rxd1 fxe5 9. Rd3 Bd6 10. Nbd2 Nf6 11. g3 O-O 12. Kg2 Rad8 13. b3 Bb4 14. Nc4
Rxd3 15. cxd3 Bc3 16. Rb1 Nxe4 17. Ncxe5 Bxe5 18. Nxe5 Rxf2+ 19. Kg1 Bh3 20.
Be3 Rg2+ 21. Kh1 Nc3 22. Re1 Rxa2 23. Bd4 Nb5 24. Ba1 Be6 25. Kg1 Bxb3 26. Nf3
Bd5 27. Ng5 Nd6 28. Be5 Nf7 29. Nxf7 Kxf7 30. Bxc7 Rg2+ 31. Kf1 Rxh2 32. Re5
Rd2 33. Re3 b5 34. Ke1 Ra2 35. Bd6 c5 36. Re7+ Kf6 37. Ra7 b4 38. Kd1 b3 39.
Bf8 h5 40. Bxg7+ Kf5 41. Kc1 a5 42. Bb2 Kg4 43. Rg7+ Kf3 44. Ra7 Kxg3 45. Rg7+
Kf4 46. Ra7 h4 47. Kb1 h3 0-1

[Event "V Festival A"]
[Site "Erba ITA"]
[Date "2011.03.20"]
[Round "5"]
[White "Miracola, Massimiliano"]
[Black "Pace, Roberto"]
[Result "1-0"]
[WhiteElo "1929"]
[BlackElo "1981"]
[PlyCount "61"]
[EventDate "2011.03.18"]

1. e4 c5 2. Nf3 d6 3. d4 cxd4 4. Nxd4 Nf6 5. Nc3 e6 6. Be3 a6 7. f3 Be7 8. Qd2
Qc7 9. O-O-O Nc6 10. g4 Ne5 11. g5 Nfd7 12. f4 Nc4 13. Bxc4 Qxc4 14. Kb1 Qc7
15. Qf2 b5 16. Rhe1 Nc5 17. a3 Bb7 18. f5 e5 19. Nb3 Nxe4 20. Nxe4 Bxe4 21. Bb6
Bxc2+ 22. Ka1 Qb8 23. Qxc2 Qxb6 24. Qg2 O-O-O 25. f6 gxf6 26. gxf6 Bxf6 27. Rf1
d5 28. Rxd5 Kb8 29. Rc5 Rd3 30. Rc6 Qd8 31. Rfxf6 1-0

[Event "V Festival A"]
[Site "Erba ITA"]
[Date "2011.03.20"]
[Round "5"]
[White "Rota, Simone"]
[Black "Ranfagni, Stefano"]
[Result "1/2-1/2"]
[WhiteElo "2020"]
[BlackElo "1965"]
[PlyCount "28"]
[EventDate "2011.03.18"]

1. g3 d5 2. Bg2 e6 3. d3 Nf6 4. f4 g6 5. Nf3 Bg7 6. O-O O-O 7. c3 b6 8. Na3 Bb7
9. Qe1 c5 10. h3 a6 11. g4 Nbd7 12. Qg3 b5 13. Nc2 c4 14. Be3 Qc7 1/2-1/2

[Event "V Festival A"]
[Site "Erba ITA"]
[Date "2011.03.20"]
[Round "5"]
[White "Salvador, Roland"]
[Black "Lazic, Miroljub"]
[Result "1-0"]
[WhiteElo "2532"]
[BlackElo "2488"]
[PlyCount "65"]
[EventDate "2011.03.18"]

1. d4 d5 2. Nf3 Nf6 3. c4 c6 4. e3 e6 5. Nc3 Nbd7 6. Qc2 Bd6 7. b3 O-O 8. Be2
Qe7 9. O-O dxc4 10. bxc4 e5 11. Nd2 Re8 12. Bf3 Nf8 13. Nce4 Nxe4 14. Nxe4 Bf5
15. Re1 Ne6 16. Qb2 Bxe4 17. Bxe4 Ng5 18. Bd3 exd4 19. Rb1 b6 20. Bd2 Ne6 21.
Qc2 Qh4 22. g3 Qh5 23. Be2 Qg6 24. Bd3 Qh5 25. Be2 Qh6 26. Bf3 Rac8 27. Qa4 Ng5
28. Bg2 Qf6 29. exd4 Ne6 30. d5 Bc5 31. Be3 cxd5 32. Bxc5 bxc5 33. cxd5 1-0

[Event "V Festival A"]
[Site "Erba ITA"]
[Date "2011.03.20"]
[Round "5"]
[White "Sgnaolin, Davide"]
[Black "Arnaudov, G. Petar"]
[Result "0-1"]
[WhiteElo "2284"]
[BlackElo "2453"]
[PlyCount "70"]
[EventDate "2011.03.18"]

1. e4 e5 2. Nf3 Nc6 3. Bc4 Bc5 4. c3 Nf6 5. d3 O-O 6. Bb3 d5 7. Qe2 Be6 8. O-O
h6 9. h3 Re8 10. Re1 a6 11. Nbd2 Qd7 12. Nf1 Rad8 13. Ng3 b5 14. Nxe5 Nxe5 15.
d4 Nxe4 16. Nxe4 dxe4 17. dxe5 Bxb3 18. axb3 Rxe5 19. Rxa6 Qf5 20. Be3 Bxe3 21.
fxe3 Red5 22. Qf2 Qg5 23. Raa1 Rd2 24. Re2 Rxe2 25. Qxe2 Rd3 26. Re1 Qd5 27.
Qg4 Rd2 28. Re2 Rd1+ 29. Kf2 Kh7 30. b4 Rb1 31. Qf4 c6 32. Qg4 g6 33. Qf4 Kg7
34. h4 Rh1 35. Qg4 Qd1 0-1

[Event "V Festival A"]
[Site "Erba ITA"]
[Date "2011.03.20"]
[Round "5"]
[White "Smith, Bryan G."]
[Black "Janev, Evgeni"]
[Result "1-0"]
[WhiteElo "2466"]
[BlackElo "2498"]
[PlyCount "51"]
[EventDate "2011.03.18"]

1. e4 d6 2. f4 c5 3. Nf3 Nc6 4. Bb5 Bd7 5. O-O g6 6. c3 Bg7 7. Kh1 a6 8. Ba4 b5
9. Bc2 e5 10. f5 Nf6 11. d4 cxd4 12. cxd4 O-O 13. dxe5 dxe5 14. Nc3 b4 15. Nd5
Nxd5 16. exd5 Ne7 17. fxg6 hxg6 18. d6 Nf5 19. Ng5 Rc8 20. Bxf5 Bxf5 21. Rxf5
Bf6 22. Rxf6 Qxf6 23. Ne4 Qh4 24. d7 Rc2 25. Bf4 Rxb2 26. Bxe5 1-0

[Event "V Festival A"]
[Site "Erba ITA"]
[Date "2011.03.20"]
[Round "5"]
[White "Vezzosi, Paolo"]
[Black "Rambaldi, Francesco"]
[Result "1-0"]
[WhiteElo "2370"]
[BlackElo "2172"]
[PlyCount "81"]
[EventDate "2011.03.18"]

1. c4 Nf6 2. Nf3 e6 3. g3 d5 4. Bg2 Be7 5. O-O O-O 6. b3 c5 7. e3 Nc6 8. Bb2 b6
9. Qe2 Bb7 10. Rd1 Qc7 11. Nc3 Rac8 12. cxd5 exd5 13. d4 Rfd8 14. Rac1 Nb4 15.
Nb5 Ba6 16. a4 Bxb5 17. axb5 Ne4 18. Ba3 Qb7 19. Bh3 Ra8 20. Ne5 Bd6 21. f3 Ng5
22. Bg2 Bxe5 23. dxe5 a5 24. h4 Ne6 25. f4 Nc7 26. Rd2 Qc8 27. Bf1 Qe6 28. Qf3
f6 29. Bb2 f5 30. Bc3 Rd7 31. Rcd1 Rad8 32. Be2 g6 33. Kh2 h5 34. Qf1 Ra8 35.
Bf3 Kh7 36. e4 Rad8 37. Bxb4 cxb4 38. exd5 Nxd5 39. Qc4 Nc7 40. Rxd7+ Rxd7 41.
Qxe6 1-0